Μη λεκτική επικοινωνία στην εκπαίδευση : θεωρία και πράξη
Αποθηκεύτηκε σε:
| Άλλοι συγγραφείς: | , , , |
|---|---|
| Μορφή: | Βιβλίο |
| Γλώσσα: | Greek |
| Δημοσίευση: |
Ζεφύρι :
Διάδραση,
2014.
|
| Σειρά: | Επικοινωνία και εκπαίδευση ;
1 |
| Θέματα: | |
| Ετικέτες: |
Προσθήκη ετικέτας
Δεν υπάρχουν, Καταχωρήστε ετικέτα πρώτοι!
|
MARC
| LEADER | 00000cam a2200000 a 4500 | ||
|---|---|---|---|
| 001 | 1/106429 | ||
| 008 | 150520s2014####gr | ||| |||| ||gre|| | ||
| 020 | |a 9786185059354 | ||
| 040 | |a GR-MyUa |b gre |c GR-MyUa |e AACR2 | ||
| 041 | 0 | |a gre | |
| 082 | 7 | |a 371.102 |2 (23) | |
| 245 | 0 | 0 | |a Μη λεκτική επικοινωνία στην εκπαίδευση : |b θεωρία και πράξη / |c Ομάδα συγγραφέων: Bernadette Gerada Aloisio ... [κ.ά.] ; επιστημονική επιμέλεια έκδοσης : Hans Gerhard Klinzing ... [κ.ά]. ; επιστημονική επιμέλεια σειράς: Αναστάσιος Κοντάκος, Παναγιώτης Σταμάτης. |
| 260 | |a Ζεφύρι : |b Διάδραση, |c 2014. | ||
| 300 | |a 551 σ. : |b πίν., σχέδια, φωτ. ; |c 25 εκ. | ||
| 490 | 1 | |a (Επικοινωνία και εκπαίδευση ; |v 1) | |
| 500 | |a Περιλαμβάνει κείμενα στην αγγλική γλώσσα. | ||
| 504 | |a Περιλαμβάνει βιβλιογραφικές παραπομπές. | ||
| 650 | 0 | |a Nonverbal communication in education. | |
| 650 | 0 | |a Body language. | |
| 650 | 0 | |a Communication in education. | |
| 700 | 1 | |a Gerada Aloisio, Bernadette. | |
| 700 | 1 | |a Klinzing, Hans Gerhard. | |
| 700 | 1 | |a Κοντάκος, Αναστάσιος. | |
| 700 | 1 | |a Σταμάτης, Παναγιώτης Ι., |d 1967- | |
| 830 | 0 | |a Επικοινωνία και εκπαίδευση ; |v 1 | |
| 852 | |a INST |b RHODES |e 20230606 |h 371.102 ΛΕΚ |p 005400043630 |q 005400043633 |t BK |y 0 | ||
| 852 | |a INST |b RHODES |c EUDOXUS |e 20150520 |h 371.102 ΛΕΚ |p 005400037719 |q 005400037719 |t EDX |y 0 | ||
| 852 | |a INST |b RHODES |c EUDOXUS |e 20150520 |h 371.102 ΛΕΚ |p 005400037729 |q 005400037729 |t EDX |y 0 | ||
| 852 | |a INST |b RHODES |c EUDOXUS |e 20150520 |h 371.102 ΛΕΚ |p 005400037730 |q 005400037730 |t EDX |y 4 |x 20230613 | ||
| 852 | |a INST |b RHODES |c EUDOXUS |e 20160118 |h 371.102 ΛΕΚ |p 005400038193 |q 005400038193 |t EDX |y 0 | ||
| 920 | |a Εύδοξος |b Παραγγελία |y Ρόδος-ΤΕΠΑΕΣ |z 2015-05 | ||
| 920 | |a Εύδοξος |b Παραγγελία |y Ρόδος-ΤΕΠΑΕΣ |z 2016-01 | ||
| 970 | |z 20-05-2015 | ||